Score 0/7 Timer 04:00
0 Plays Today
Flobots member % Correct
Jamie Laurie
85.7%
Stephen Brackett
85.7%
Mackenzie Gault
71.4%
Jesse Walker
71.4%
Kenny Ortiz
71.4%
Andy Guerrero
57.1%
Joe Ferrone
57.1%
Remove Ads.
Support Sporcle.
Get the best of Sporcle when you Go Orange. This ad-free experience offers more features, more stats, and more fun while also helping to support Sporcle. Thank you for becoming a member.

You're not logged in!

Compare scores with friends on all Sporcle quizzes.
OR
Log In

You Might Also Like...

Show Comments

Extras

Created Jul 26, 2012ReportNominate
Tags:foot

Top Quizzes Today


Score Distribution

Your Account Isn't Verified!

In order to create a playlist on Sporcle, you need to verify the email address you used during registration. Go to your Sporcle Settings to finish the process.

Report this User

Report this user for behavior that violates our Community Guidelines.

Details: